NBA Team Assist Leaders - Statistics

General Stats
  • This quiz has been taken 865 times
  • The average score is 13 of 30
Answer Stats
Team Player % Correct
Mavericks Jason Kidd
78%
Clippers Chris Paul
77%
Heat LeBron James
77%
Suns Steve Nash
77%
Celtics Rajon Rondo
74%
Thunder Russell Westbrook
74%
Bulls Derrick Rose
64%
Spurs Tony Parker
63%
Wizards John Wall
61%
Cavaliers Kyrie Irving
59%
Nets Deron Williams
56%
Lakers Kobe Bryant
54%
Grizzlies Michael Conley
52%
Rockets Kyle Lowry
48%
Timberwolves Ricky Rubio
42%
Warriors Monta Ellis
39%
Bucks Monta Ellis
39%
Magic Jameer Nelson
34%
Hornets Jarrett Jack
32%
Hawks Josh Smith
29%
Nuggets Andre Miller
27%
Raptors Jose Calderon
23%
Pacers Darren Collison
22%
Knicks Baron Davis
21%
Trail Blazers Raymond Felton
19%
Kings Tyreke Evans
18%
Bobcats D.J. Augustin
17%
Jazz Devin Harris
16%
Pistons Rodney Stuckey
11%
76ers Jrue Holliday
10%
No matching quizzes found
Score Distribution
Percent of People with Each Score
Percentile by Number Answered
Your Score History
You have not taken this quiz